[Event "Tournoi Skype 029B"]
[Site "Skype"]
[Date "????.??.??"]
[Round "3.46"]
[White "Herrera, Oscar"]
[Black "Rivalta, Paolo"]
[Result "1-0"]
[WhiteElo "1000"]
[BlackElo "1142"]
[PlyCount "91"]

1. e4 e5 2. Nf3 d5 3. exd5 Qxd5 4. Nc3 Qc5 5. d4 exd4 6. Nxd4 Nc6 7. Be3 Nxd4
8. Bxd4 Qg5 9. Qf3 Bc5 10. Ne4 Bg4 11. Nxg5 Bxf3 12. Bxc5 Bc6 13. Bc4 Nh6 14.
O-O f6 15. Rfe1+ Kd8 16. Rad1+ Kc8 17. Be6+ Kb8 18. Nxh7 b6 19. Be7 Rxh7 20. a4
a5 21. c4 Rh8 22. Bd5 Bxd5 23. cxd5 Nf5 24. d6 cxd6 25. Bxd6+ Nxd6 26. Rxd6 Kc7
27. Red1 Rae8 28. g3 f5 29. Rd7+ Kc8 30. Rxg7 Re2 31. Rc1+ Kb8 32. Rf7 Rxb2 33.
Rxf5 Ra2 34. Rb5 Kb7 35. Rcb1 Rxa4 36. Rxb6+ Ka7 37. Rb7+ Ka8 38. R7b6 Ka7 39.
Rc6 Rb8 40. Rc7+ Ka8 41. Rxb8+ Kxb8 42. Rc5 Ra1+ 43. Kg2 a4 44. h4 a3 45. Ra5
Kc8 46. h5 1-0

[Event "Tournoi Skype 029B"]
[Site "Skype"]
[Date "????.??.??"]
[Round "3.48"]
[White "Franca, Adilson Mendes"]
[Black "Ladeia Pereira, Geraldo"]
[Result "1-0"]
[WhiteElo "1131"]
[BlackElo "1000"]
[PlyCount "122"]

1. e4 e5 2. Nf3 Nc6 3. Bc4 Na5 4. Bd3 d6 5. b4 Nc6 6. Bc4 Nxb4 7. c3 Nc6 8. d3
Na5 9. Qa4+ Nc6 10. d4 Bd7 11. Bb5 a6 12. Bxc6 Bxc6 13. Qc2 Bb5 14. c4 Bd7 15.
dxe5 Bg4 16. Qc3 h6 17. O-O Qe7 18. Ba3 O-O-O 19. Nbd2 c5 20. exd6 Qxd6 21. e5
Qc6 22. Rfe1 Be7 23. Qe3 Bg5 24. Qxc5 Qxc5 25. Bxc5 Be7 26. Bb6 Re8 27. Nd4 Bb4
28. Re4 h5 29. N2b3 Rh6 30. h3 Rxb6 31. hxg4 Bc3 32. Rc1 Bxd4 33. Nxd4 hxg4 34.
Rxg4 g6 35. c5 Rb2 36. e6 Rxe6 37. Nxe6 fxe6 38. Rxg6 Ne7 39. Rxe6 Nc6 40. Rce1
Rxa2 41. g4 Rd2 42. g5 Rd5 43. g6 Rxc5 44. g7 Rg5+ 45. Kf1 Rxg7 46. Re8+ Kc7
47. Rd1 Kb6 48. Rb1+ Ka7 49. Re6 Rc7 50. f4 b5 51. f5 Nd4 52. Re5 Rf7 53. Rc1
Nxf5 54. Rc2 Ne3+ 55. Ke2 Nxc2 56. Kd2 Rc7 57. Re6 b4 58. Re4 a5 59. Re5 Kb6
60. Re6+ Kb5 61. Re5+ Ka4 1-0

[Event "Tournoi Skype 029B"]
[Site "Skype"]
[Date "????.??.??"]
[Round "3.49"]
[White "Sosa, Juan Carlos"]
[Black "Piedra, Rosa"]
[Result "1-0"]
[WhiteElo "1121"]
[BlackElo "1000"]
[PlyCount "59"]

1. d4 d5 2. Nc3 e6 3. a3 Nf6 4. Bf4 Bd6 5. Bxd6 cxd6 6. e3 Bd7 7. Bd3 Nc6 8.
Nge2 O-O 9. Nb5 Qa5+ 10. c3 a6 11. Nxd6 Ra7 12. O-O Ng4 13. Ng3 e5 14. dxe5
Ncxe5 15. Be2 Qc7 16. Ndf5 b5 17. h3 Nf6 18. Rc1 Nc4 19. Qc2 Ne4 20. Ne7+ Kh8
21. Nxd5 Qd6 22. Rcd1 Nxg3 23. fxg3 Qe5 24. Bg4 Nxe3 25. Bxd7 Nxf1 26. Rxf1
Rxd7 27. Rf5 Qe6 28. Nf4 Qc6 29. Rh5 Re8 30. Qxh7# 1-0

[Event "Tournoi Skype 029B"]
[Site "Skype"]
[Date "????.??.??"]
[Round "3.50"]
[White "Nicolini, Francesco"]
[Black "Latterra, Jeremias"]
[Result "1-0"]
[WhiteElo "1000"]
[BlackElo "1114"]
[PlyCount "61"]

1. e4 c5 2. Bc4 Nf6 3. e5 d5 4. Bb5+ Bd7 5. Be2 Ne4 6. d3 Nxf2 7. Kxf2 e6 8.
Nf3 Qb6 9. c4 Be7 10. Rf1 O-O 11. Kg1 dxc4 12. dxc4 Rd8 13. Qc2 Nc6 14. a3 Qc7
15. Bd3 Nxe5 16. Bxh7+ Kf8 17. Nxe5 Qxe5 18. Bg6 Qd4+ 19. Qf2 Qxf2+ 20. Rxf2
Bf6 21. Be4 Bd4 22. Nd2 Bxf2+ 23. Kxf2 Rab8 24. Nb3 Bc6 25. Bxc6 bxc6 26. Nxc5
Rd4 27. Be3 Rxc4 28. Nd7+ Ke7 29. Nxb8 Rc2+ 30. Kg1 Rxb2 31. Nxc6+ 1-0

[Event "Tournoi Skype 029B"]
[Site "Skype"]
[Date "????.??.??"]
[Round "3.51"]
[White "Pantaleon, Julio"]
[Black "Conde, Abigail"]
[Result "0-1"]
[WhiteElo "1000"]
[BlackElo "1112"]
[PlyCount "108"]

1. e4 c5 2. Nf3 Nc6 3. Bb5 a6 4. Ba4 b5 5. Bb3 c4 6. Bxc4 bxc4 7. Qe2 Na5 8.
Na3 d5 9. exd5 Qxd5 10. O-O Nf6 11. Re1 e6 12. Qe5 Bd6 13. Qxd5 Nxd5 14. c3 O-O
15. Nc2 Bb7 16. Ncd4 Nf4 17. Ne5 Nxg2 18. Re2 f6 19. Nxe6 Rfe8 20. Nd7 Re7 21.
Ndc5 Bxc5 22. Nxc5 Rxe2 23. Nxb7 Re1+ 24. Kxg2 Nc6 25. Nc5 Ne5 26. f3 h5 27.
Kf2 Rd1 28. Ne4 f5 29. Nd6 f4 30. Nf5 Re8 31. Ke2 Rh1 32. h4 Nd3+ 33. Ne3 fxe3
34. dxe3 Nf4+ 35. Kf2 Nh3+ 36. Kg2 Rg1+ 37. Kxh3 Rf8 38. Kh2 Rd1 39. f4 g5 40.
hxg5 Kg7 41. Kg2 Kg6 42. Kf2 h4 43. a4 Kh5 44. Kg2 Kg4 45. a5 h3+ 46. Kh2 Rh8
47. e4 Re1 48. e5 Re2+ 49. Kh1 Re1+ 50. Kh2 Kf3 51. f5 Rh4 52. g6 Rg4 53. e6
Rg2+ 54. Kxh3 Rh1# 0-1

[Event "Tournoi Skype 029B"]
[Site "Skype"]
[Date "????.??.??"]
[Round "3.52"]
[White "Parravano, Luca"]
[Black "Reese, Evan"]
[Result "0-1"]
[WhiteElo "1000"]
[BlackElo "1102"]
[PlyCount "70"]

1. d4 d5 2. Nf3 e6 3. Bf4 g6 4. e3 Bg7 5. c3 Ne7 6. Bb5+ c6 7. Bd3 O-O 8. Nbd2
b5 9. b4 Nd7 10. a4 Nb6 11. axb5 cxb5 12. Bxb5 Bb7 13. Ba6 Bxa6 14. Rxa6 Nf5
15. Qa1 Nc8 16. g4 Nh4 17. Rg1 Re8 18. Bg5 Nxf3+ 19. Nxf3 Qc7 20. Kd2 f6 21.
Bf4 e5 22. dxe5 fxe5 23. Bg3 Nb6 24. Ke2 Qc4+ 25. Kd2 Qxg4 26. Nxe5 Bxe5 27.
Bxe5 Nc4+ 28. Kc2 Qe4+ 29. Kb3 Nxe5 30. Ka4 Qc2+ 31. Ka5 Nc4+ 32. Kb5 Rab8+ 33.
Kc5 Red8 34. Qd1 Qxc3 35. b5 Nxe3# 0-1

[Event "Tournoi Skype 029B"]
[Site "Skype"]
[Date "????.??.??"]
[Round "3.53"]
[White "Ortis, Yves"]
[Black "Solis, Denis"]
[Result "1-0"]
[WhiteElo "1096"]
[BlackElo "1000"]
[PlyCount "104"]

1. e4 c5 2. c3 e5 3. Nf3 Nc6 4. Bb5 d6 5. d4 cxd4 6. cxd4 exd4 7. Nxd4 Bd7 8.
O-O a6 9. Bxc6 bxc6 10. Nc3 Be7 11. Bf4 Nf6 12. Re1 O-O 13. h3 Re8 14. Nf3 Be6
15. Qa4 Qc8 16. Bg3 Qb7 17. Re2 c5 18. Rd1 Rad8 19. e5 dxe5 20. Rxd8 Rxd8 21.
Bxe5 h6 22. Qc2 Qc8 23. Bg3 Bf8 24. Rd2 Re8 25. Re2 Bf5 26. Rxe8 Nxe8 27. Qd2
Be6 28. a3 Nf6 29. Bd6 Qd8 30. Bxf8 Qxd2 31. Nxd2 Kxf8 32. Kf1 Ke7 33. Ke2 Kd6
34. Ke3 Nd5+ 35. Nxd5 Kxd5 36. f4 h5 37. h4 g6 38. g3 a5 39. Kd3 Bf5+ 40. Kc3
a4 41. b4 axb3 42. Nxb3 Kc6 43. Nd2 Be6 44. Ne4 Kb5 45. Nd2 Bd5 46. Nb3 Kc6 47.
a4 Kb6 48. a5+ Kb5 49. a6 Bxb3 50. Kxb3 Kxa6 51. Kc4 Kb6 52. Kd5 Kb5 1-0

[Event "Tournoi Skype 029B"]
[Site "Skype"]
[Date "????.??.??"]
[Round "3.56"]
[White "Talwalkar, Omkar Sameer"]
[Black "Baker, Abi"]
[Result "1-0"]
[WhiteElo "1000"]
[BlackElo "1079"]
[PlyCount "41"]

1. e4 d5 2. exd5 Qxd5 3. Nc3 Qd8 4. Nf3 Nf6 5. d4 Nc6 6. Bc4 e6 7. Bf4 Bd6 8.
Ne5 Nxe5 9. dxe5 Nd5 10. Nxd5 exd5 11. Bxd5 Qe7 12. O-O Bb4 13. c3 a5 14. cxb4
axb4 15. Rc1 Be6 16. Bxe6 Qxe6 17. Rxc7 Qxa2 18. b3 O-O 19. e6 fxe6 20. Qd7
Qxb3 21. Qxg7# 1-0

[Event "Tournoi Skype 029B"]
[Site "Skype"]
[Date "????.??.??"]
[Round "3.57"]
[White "Teixeira De Queiroz, Glaucia"]
[Black "Schuh, David"]
[Result "0-1"]
[WhiteElo "1000"]
[BlackElo "1072"]
[PlyCount "76"]

1. e4 c5 2. Bc4 Nf6 3. d3 g6 4. Nf3 Bg7 5. c3 Nc6 6. O-O e5 7. Nxe5 Nxe5 8. Bb3
d6 9. Ba4+ Bd7 10. Bc2 Bg4 11. Qe1 Bh5 12. d4 cxd4 13. cxd4 Nc4 14. Ba4+ Nd7
15. Nc3 O-O 16. Nd5 Rc8 17. Be3 Nf6 18. Nxf6+ Qxf6 19. e5 dxe5 20. Qb4 b6 21.
Bd7 Rc7 22. Rac1 Rxd7 23. Rxc4 Qe7 24. Qxe7 Rxe7 25. dxe5 Bxe5 26. Bg5 Re6 27.
Rc7 Bxc7 28. a4 a5 29. h4 Kg7 30. g3 h6 31. Bd2 Rd8 32. Bc3+ f6 33. f4 Re3 34.
Kg2 Re2+ 35. Kh3 g5 36. hxg5 Kg6 37. Kh4 hxg5+ 38. fxg5 Rh2# 0-1

[Event "Tournoi Skype 029B"]
[Site "Skype"]
[Date "????.??.??"]
[Round "3.59"]
[White "Martinez Perez, Carlos"]
[Black "Swanepoel, Karel"]
[Result "1-0"]
[WhiteElo "1404"]
[BlackElo "1088"]
[PlyCount "62"]

1. e4 c5 2. Nf3 d6 3. c3 Nc6 4. Bb5 Bd7 5. d4 cxd4 6. cxd4 Nf6 7. Nc3 a6 8. Ba4
b5 9. Bc2 e5 10. O-O exd4 11. Nxd4 Nxd4 12. Qxd4 h6 13. Re1 Ng4 14. f3 Qh4 15.
Rd1 Qxh2+ 16. Kf1 Ne5 17. Nd5 Rc8 18. Bb3 Be7 19. Nxe7 Kxe7 20. Qxd6+ Kd8 21.
Be3 Rc6 22. Qd5 Rg6 23. Rd2 Qh1+ 24. Bg1 Re8 25. Qd4 Qh5 26. Bxf7 Ke7 27. Bxg6
Qxg6 28. Qc5+ Ke6 29. Rd6+ Kf7 30. Rxg6 Kxg6 31. f4 Ng4 1-0

[Event "Tournoi Skype 029B"]
[Site "Skype"]
[Date "????.??.??"]
[Round "3.60"]
[White "Montilla Bejarano, Carmen"]
[Black "Jones, Malcolm"]
[Result "0-1"]
[WhiteElo "1087"]
[BlackElo "1315"]
[PlyCount "22"]

1. e4 d6 2. d4 Nf6 3. Nc3 Nbd7 4. f4 c6 5. Nf3 Qc7 6. h3 e5 7. dxe5 dxe5 8.
fxe5 Nxe5 9. Bf4 Bd6 10. g3 h6 11. Qd4 Nxf3+ 0-1

[Event "Tournoi Skype 029B"]
[Site "Skype"]
[Date "????.??.??"]
[Round "3.63"]
[White "Cunha Pires, Odsel Jorge Geronimo"]
[Black "Milanese, Serge"]
[Result "0-1"]
[WhiteElo "1000"]
[BlackElo "1202"]
[PlyCount "74"]

1. e4 e5 2. Nf3 Nc6 3. Bc4 Bc5 4. d3 h6 5. Nbd2 Nf6 6. c3 d6 7. d4 exd4 8. cxd4
Nxd4 9. Nxd4 Bxd4 10. O-O O-O 11. h3 Be6 12. e5 dxe5 13. Nf3 Bxc4 14. Re1 Qe7
15. Nxd4 Rad8 16. Be3 c5 17. Qc2 cxd4 18. Bxd4 Rxd4 19. b3 Bb5 20. Rad1 Qd6 21.
a4 Bd3 22. Rxd3 Rxd3 23. Qe2 a5 24. f4 e4 25. g4 Qd4+ 26. Kf1 Rxh3 27. Rd1 Rh1+
28. Kg2 Rxd1 29. b4 Rd2 30. Kf1 Rxe2 31. Kxe2 Qd3+ 32. Kf2 axb4 33. g5 hxg5 34.
fxg5 Ng4+ 35. Kg2 Qf3+ 36. Kg1 Qf2+ 37. Kh1 Qh2# 0-1

[Event "Tournoi Skype 029B"]
[Site "Skype"]
[Date "????.??.??"]
[Round "3.66"]
[White "Molina Porfirio, Renatta"]
[Black "De Fazio, Monica"]
[Result "0-1"]
[WhiteElo "1000"]
[BlackElo "1176"]
[PlyCount "44"]

1. e4 e5 2. Nf3 Nc6 3. c3 Nf6 4. Be2 Nxe4 5. O-O Be7 6. Bc4 O-O 7. d3 Nf6 8.
Be3 d5 9. Bb5 Bd7 10. Qc2 a6 11. Bxc6 Bxc6 12. Rd1 e4 13. Ng5 Ng4 14. h3 Nxe3
15. fxe3 Bxg5 16. Re1 Re8 17. d4 Qd6 18. Qf2 Qf6 19. Qg3 Bh4 20. Qh2 Bxe1 21.
g4 Bb5 22. Na3 Qf1# 0-1

[Event "Tournoi Skype 029B"]
[Site "Skype"]
[Date "????.??.??"]
[Round "3.67"]
[White "Busto, Ricardo"]
[Black "Da Silva, Jussara Maria"]
[Result "1-0"]
[WhiteElo "1152"]
[BlackElo "1000"]
[PlyCount "57"]

1. d4 e6 2. Bf4 d5 3. e3 Nf6 4. Nf3 Ne4 5. Bd3 Nc5 6. dxc5 Bxc5 7. c3 c6 8. b4
a5 9. bxc5 a4 10. O-O Qa5 11. c4 Qxc5 12. cxd5 Qxd5 13. e4 Qc5 14. Be3 Qd6 15.
Nc3 e5 16. Nxa4 O-O 17. Bc5 Qg6 18. Nxe5 Bh3 19. Nxg6 hxg6 20. Bxf8 Kxf8 21.
gxh3 Nd7 22. Bc4 Ne5 23. Qd6+ Kg8 24. Qxe5 b5 25. Nb6 bxc4 26. Nxa8 f6 27. Qe8+
Kh7 28. Qxc6 Kh6 29. Qxc4 1-0

[Event "Tournoi Skype 029B"]
[Site "Skype"]
[Date "????.??.??"]
[Round "3.68"]
[White "Ruiz Aguilera, Juan Jesus"]
[Black "Fuentes, Francisco"]
[Result "1-0"]
[WhiteElo "1083"]
[BlackElo "1000"]
[PlyCount "121"]

1. e4 e5 2. Nf3 Nc6 3. Bb5 a6 4. Bxc6 dxc6 5. O-O Bd6 6. d4 h6 7. dxe5 Be7 8.
Qxd8+ Bxd8 9. Be3 b5 10. Rd1 Be6 11. Nc3 Ne7 12. Rd3 c5 13. Bxc5 Ng6 14. Rad1
Be7 15. Bxe7 Nxe7 16. a4 b4 17. Nd5 Nc6 18. Nxc7+ Ke7 19. Nxa8 Rxa8 20. b3 Rd8
21. Rxd8 Nxd8 22. Kf1 Nb7 23. Rd4 g5 24. Rxb4 Nc5 25. Rd4 g4 26. Nh4 a5 27. Ke2
h5 28. Ke3 Nb7 29. Kf4 Kf8 30. Nf5 Bxf5 31. exf5 Ke7 32. f6+ Ke6 33. Rd6+ Nxd6
34. exd6 Kxd6 35. Kg5 Ke5 36. Kxh5 Kxf6 37. Kxg4 Ke6 38. Kf4 f5 39. h4 Kf6 40.
g4 fxg4 41. Kxg4 Kg6 42. h5+ Kh6 43. c3 Kg7 44. Kg5 Kg8 45. h6 Kh7 46. b4 axb4
47. cxb4 Kg8 48. Kg6 Kh8 49. a5 Kg8 50. b5 Kh8 51. a6 Kg8 52. b6 Kf8 53. h7 Ke7
54. h8=Q Ke6 55. a7 Kd5 56. a8=Q+ Kc5 57. Qac8+ Kxb6 58. Qf6+ Kb5 59. Qfc6+ Kb4
60. Qb8+ Ka3 61. Qa6# 1-0

[Event "Tournoi Skype 029B"]
[Site "Skype"]
[Date "????.??.??"]
[Round "3.69"]
[White "Maccaferri, Massimo"]
[Black "Grib, Jessica"]
[Result "0-1"]
[WhiteElo "1074"]
[BlackElo "1000"]
[PlyCount "38"]

1. e4 d6 2. d4 Nd7 3. Bc4 Ngf6 4. g4 h6 5. Qf3 e5 6. dxe5 dxe5 7. h4 Nb6 8. Bb3
Bb4+ 9. c3 Bxg4 10. Qg3 Bc5 11. f3 Qd6 12. fxg4 O-O-O 13. Bd2 Nxe4 14. Nf3 Nxg3
15. Rh2 e4 16. Nd4 Rhe8 17. Be3 Re5 18. Rd2 Qf6 19. g5 Qf1# 0-1

[Event "Tournoi Skype 029B"]
[Site "Skype"]
[Date "????.??.??"]
[Round "3.70"]
[White "Gerbaux, Regis"]
[Black "Mantelli Filho, Artur"]
[Result "1-0"]
[WhiteElo "1062"]
[BlackElo "1000"]
[PlyCount "87"]

1. e4 e5 2. Nf3 Nc6 3. Bc4 Bc5 4. c3 a5 5. d4 exd4 6. cxd4 Bb6 7. d5 Nb4 8. a3
Na6 9. Nc3 Qe7 10. O-O d6 11. Re1 c5 12. e5 dxe5 13. Rxe5 Be6 14. dxe6 f6 15.
Re1 Rd8 16. Qe2 Nc7 17. Bf4 Nh6 18. Rad1 O-O 19. Bxc7 Bxc7 20. Nd5 Rxd5 21.
Bxd5 Nf5 22. Bxb7 a4 23. Ba6 Ba5 24. Rf1 h6 25. Bb5 Re8 26. Bxe8 Qxe8 27. Rd5
g6 28. Rxc5 Bb6 29. Qb5 Qxb5 30. Rxb5 Bc7 31. g4 Ne7 32. Re1 Kf8 33. h4 g5 34.
hxg5 hxg5 35. Rb7 Bf4 36. Rd1 f5 37. Rd8+ Kg7 38. Rxe7+ Kg6 39. Rg8+ Kh6 40.
Reg7 fxg4 41. Nxg5 g3 42. fxg3 Bxg3 43. Nf7+ Kh5 44. Rxg3 1-0

[Event "Tournoi Skype 029B"]
[Site "Skype"]
[Date "????.??.??"]
[Round "3.71"]
[White "Hernandez, Ivan"]
[Black "Marroquin Mayhua, Silvia"]
[Result "0-1"]
[WhiteElo "1022"]
[BlackElo "1000"]
[PlyCount "70"]

1. e4 d6 2. Nf3 Nc6 3. Bb5 a6 4. Bxc6+ bxc6 5. O-O a5 6. d4 Nf6 7. Qe2 Ba6 8.
c4 e6 9. h3 Be7 10. Nc3 d5 11. e5 dxc4 12. exf6 Bxf6 13. Ne5 Qe7 14. b3 Qd6 15.
Bf4 Qxd4 16. Rac1 Qxf4 17. Nd7 Rd8 18. Nxf6+ Qxf6 19. a3 O-O 20. b4 axb4 21.
axb4 Rfe8 22. b5 cxb5 23. Qe3 b4 24. Nd1 Rd4 25. f4 c3 26. Qe5 Bxf1 27. Kxf1
Rxf4+ 28. Nf2 Qxe5 29. Re1 Qf5 30. g3 h5 31. gxf4 Qxf4 32. Kg2 c2 33. Nd3 Qd4
34. Nc1 Qd2+ 35. Re2 Qxc1 0-1

[Event "Tournoi Skype 029B"]
[Site "Skype"]
[Date "????.??.??"]
[Round "3.72"]
[White "Achicanoy, Yolanda"]
[Black "Martins, Rodrigo Baldo"]
[Result "1/2-1/2"]
[WhiteElo "1000"]
[BlackElo "1000"]
[PlyCount "75"]

1. e4 c6 2. Bc4 d5 3. Bb3 Nf6 4. d3 Bg4 5. Qd2 g6 6. Nc3 Nbd7 7. h3 Be6 8. Nf3
Bg7 9. e5 Nxe5 10. Nxe5 O-O 11. O-O d4 12. Ne2 Nd5 13. c4 Nc7 14. Ng3 Bxe5 15.
Ne4 b6 16. Qh6 Bg7 17. Qh4 h5 18. Bd1 Bf6 19. Bg5 Bf5 20. Ng3 Bxd3 21. Re1 Ne6
22. Bxh5 Bxg5 23. Qg4 Bf5 24. Nxf5 Bf6 25. Bxg6 Ng7 26. Nh6+ Kh8 27. Be4 Qd6
28. Nf5 Nxf5 29. Qh5+ Kg7 30. Bxf5 Rh8 31. Qg4+ Kf8 32. Bc2 e6 33. Re2 d3 34.
Re3 dxc2 35. Rc1 Qd2 36. Ree1 Bxb2 37. Kh2 Qxf2 38. Qe4 1/2-1/2

[Event "Tournoi Skype 029B"]
[Site "Skype"]
[Date "????.??.??"]
[Round "3.74"]
[White "Barajas, Nestor"]
[Black "Marty, Yvette"]
[Result "1-0"]
[WhiteElo "1000"]
[BlackElo "1000"]
[PlyCount "27"]

1. e4 e6 2. Nf3 Nf6 3. e5 Nd5 4. Bc4 Nb6 5. Bb3 Nd5 6. d4 d6 7. O-O dxe5 8.
dxe5 Be7 9. Nc3 Nxc3 10. bxc3 Nd7 11. Bf4 O-O 12. Re1 b6 13. Bc4 Nxe5 14. Nxe5
1-0

[Event "Tournoi Skype 029B"]
[Site "Skype"]
[Date "????.??.??"]
[Round "3.75"]
[White "Batista, Andre Luis"]
[Black "Molina, Maria Lucia"]
[Result "1-0"]
[WhiteElo "1000"]
[BlackElo "1000"]
[PlyCount "61"]

1. e4 c6 2. Nf3 d5 3. d3 Nf6 4. Nc3 e6 5. g3 Be7 6. e5 Ng4 7. Qd2 O-O 8. Bg2
Nd7 9. h3 Ndxe5 10. hxg4 Nxf3+ 11. Bxf3 d4 12. Nb5 Qd7 13. a4 a6 14. Na3 h6 15.
g5 Bxg5 16. Qe2 b5 17. Bxg5 hxg5 18. b4 bxa4 19. Qd2 Re8 20. Qxg5 f6 21. Qg6
Kf8 22. Rh8+ Ke7 23. Qxg7+ Kd8 24. Bh5 Qxg7 25. Rxe8+ Kd7 26. Nc4 Bb7 27. Nb6+
Kc7 28. Nxa8+ Bxa8 29. Rxa8 Qh7 30. Ra7+ Kc8 31. Rxh7 1-0

[Event "Tournoi Skype 029B"]
[Site "Skype"]
[Date "????.??.??"]
[Round "3.76"]
[White "Buyukurvay, Yagmur"]
[Black "Rodgerson, Michael"]
[Result "0-1"]
[WhiteElo "1000"]
[BlackElo "1000"]
[PlyCount "86"]

1. e4 e5 2. Nf3 Be7 3. Bc4 Nf6 4. Nc3 O-O 5. O-O d6 6. d3 Bd7 7. Bb5 a6 8. Ba4
Nc6 9. Bg5 Qb8 10. Nd5 Re8 11. Bxf6 Bxf6 12. Nxf6+ gxf6 13. d4 Qa7 14. dxe5
dxe5 15. Re1 Re6 16. Re2 Nb4 17. Bxd7 Rb6 18. Bf5 Rc6 19. c3 Rb6 20. cxb4 Rxb4
21. Rc1 a5 22. a3 Rb5 23. Bd7 Rd8 24. Rxc7 b6 25. Bc6 Qxc7 26. Bxb5 Rxd1+ 27.
Ne1 h5 28. Be8 Kf8 29. Bxf7 Kxf7 30. f4 b5 31. Kf2 Qb6+ 32. Kf1 h4 33. g4 h3
34. b4 axb4 35. axb4 exf4 36. g5 f3 37. g6+ Kxg6 38. e5 fxe2+ 39. Kxe2 Qc6 40.
Nf3 Qc2+ 41. Ke3 Qc3+ 42. Kf4 Rf1 43. e6 Qxf3# 0-1

[Event "Tournoi Skype 029B"]
[Site "Skype"]
[Date "????.??.??"]
[Round "3.78"]
[White "Cifuentes, Jorge Mario"]
[Black "Souza, Jeferson De Oliveira"]
[Result "1-0"]
[WhiteElo "1000"]
[BlackElo "1000"]
[PlyCount "41"]

1. e4 e5 2. Nf3 Nc6 3. c3 Bc5 4. a3 a5 5. a4 Nf6 6. Bc4 Ng4 7. O-O d6 8. h3 h5
9. Qb3 O-O 10. hxg4 hxg4 11. Nh2 g3 12. Nf3 Bg4 13. d3 Bxf3 14. Nd2 Qh4 15.
Nxf3 gxf2+ 16. Rxf2 Qxf2+ 17. Kh2 Kh7 18. d4 Rh8 19. Bxf7 exd4 20. Qe6 g6 21.
Qxg6# 1-0

[Event "Tournoi Skype 029B"]
[Site "Skype"]
[Date "????.??.??"]
[Round "3.79"]
[White "Talarico, Izabel"]
[Black "Colangelo, Michele"]
[Result "0-1"]
[WhiteElo "1000"]
[BlackElo "1000"]
[PlyCount "98"]

1. e4 c5 2. Nf3 d6 3. d3 e5 4. g3 Be7 5. Bg2 Nf6 6. O-O O-O 7. Bg5 Bg4 8. Bh4
Nc6 9. Nbd2 Qb6 10. Nc4 Qc7 11. Qd2 b5 12. Bxf6 Bxf6 13. Ne3 a6 14. b4 cxb4 15.
h3 a5 16. Nxg4 Be7 17. c4 bxc4 18. dxc4 Rab8 19. Qd5 b3 20. axb3 Rxb3 21. h4
Nb4 22. Rac1 Nxd5 23. exd5 a4 24. c5 dxc5 25. Rce1 Bf6 26. Re4 a3 27. Nxf6+
gxf6 28. Rg4+ Kh8 29. h5 Rg8 30. Rxg8+ Kxg8 31. d6 Qxd6 32. g4 a2 33. Kh2 Rb1
34. Nd2 Rxf1 35. Ne4 Qe7 36. Nd2 a1=Q 37. Bxf1 Qxf1 38. Nxf1 e4 39. Ne3 Qe5+
40. Kg2 h6 41. Nc4 Qd4 42. Ne3 c4 43. Kg3 Qd3 44. Kh4 c3 45. Kh3 c2 46. g5 fxg5
47. Kg4 c1=Q 48. Kf5 Qc8+ 49. Kf6 Qd6# 0-1

[Event "Tournoi Skype 029B"]
[Site "Skype"]
[Date "????.??.??"]
[Round "4.1"]
[White "Harmelle, Dominique"]
[Black "Felippe E Silva, Glenda"]
[Result "1/2-1/2"]
[WhiteElo "1402"]
[BlackElo "1207"]
[PlyCount "79"]

1. d4 d5 2. Bf4 Bf5 3. e3 e6 4. Nd2 Nf6 5. Ngf3 Bd6 6. Ne5 O-O 7. Be2 h6 8. g4
Bh7 9. g5 hxg5 10. Bxg5 Be7 11. h4 c6 12. c3 Nbd7 13. Ndf3 Ne4 14. Nxd7 Qxd7
15. Ne5 Qc7 16. Bf4 Qb6 17. Qc1 Rac8 18. Nd7 Qd8 19. Nxf8 Kxf8 20. Bg3 c5 21.
dxc5 Bxc5 22. Be5 Be7 23. Bg3 Nxg3 24. fxg3 Be4 25. Rh2 Qc7 26. Kf2 Bd6 27. Qg1
Qb6 28. Qc1 f5 29. Bf3 f4 30. gxf4 Bxf4 31. Rg2 Bxe3+ 32. Qxe3 Qxb2+ 33. Kg3
Qxa1 34. Bxe4 dxe4 35. Qf4+ Kg8 36. Rf2 Qxc3+ 37. Kg4 Qb4 38. Qf7+ Kh8 39. Qh5+
Kg8 40. Qf7+ 1/2-1/2

[Event "Tournoi Skype 029B"]
[Site "Skype"]
[Date "????.??.??"]
[Round "4.2"]
[White "Munoz Gonzalez, Martin"]
[Black "De Coninck, Philippe"]
[Result "1-0"]
[WhiteElo "1400"]
[BlackElo "1173"]
[PlyCount "45"]

1. Nf3 b6 2. b3 Bb7 3. Bb2 d6 4. d4 Nf6 5. Nbd2 e6 6. e3 Be7 7. Bd3 O-O 8. O-O
Qd7 9. Re1 Nc6 10. a3 e5 11. dxe5 dxe5 12. Nxe5 Nxe5 13. Bxe5 Rad8 14. e4 Ng4
15. Bb2 Bc5 16. Rf1 Bd6 17. Nf3 Rfe8 18. h3 Ne5 19. Nxe5 Bxe5 20. Bxe5 Rxe5 21.
f4 Re7 22. e5 Qe6 23. Bxh7+ 1-0

[Event "Tournoi Skype 029B"]
[Site "Skype"]
[Date "????.??.??"]
[Round "4.3"]
[White "Llabres, Sergio"]
[Black "Escudero Ocana, Francisco"]
[Result "0-1"]
[WhiteElo "1187"]
[BlackElo "1395"]
[PlyCount "76"]

1. d4 Nf6 2. Nf3 e6 3. a3 d5 4. b3 c5 5. Bb2 cxd4 6. Bxd4 Nc6 7. Bb2 Bc5 8. e3
Qb6 9. Be2 e5 10. Nxe5 Nxe5 11. Bxe5 O-O 12. Bd4 Qa5+ 13. c3 Bxd4 14. exd4 Ne4
15. b4 Qc7 16. Qc2 Bf5 17. Bd3 Rfe8 18. O-O Qf4 19. f3 Qe3+ 20. Kh1 Nf2+ 21.
Qxf2 Qxd3 22. Ra2 Qc4 23. Rb2 Bd3 24. Re1 Bxb1 25. Rbxb1 Qxc3 26. a4 Rxe1+ 27.
Rxe1 Qxb4 28. Re5 Qxa4 29. Rxd5 Qd1+ 30. Qg1 Qe2 31. Rd7 Re8 32. h3 Qb5 33. Rd6
g5 34. d5 a5 35. Qa7 Qb4 36. Rb6 Re1+ 37. Kh2 Qf4+ 38. g3 Qd2# 0-1

[Event "Tournoi Skype 029B"]
[Site "Skype"]
[Date "????.??.??"]
[Round "4.4"]
[White "Amato, Ludovica"]
[Black "Barrera Mendoza, Carlos"]
[Result "0-1"]
[WhiteElo "1346"]
[BlackElo "1000"]
[PlyCount "100"]

1. e4 e5 2. Nf3 Nc6 3. Bc4 Nf6 4. d3 a6 5. Bb3 Bc5 6. c3 Ba7 7. O-O d6 8. h3
O-O 9. Re1 Rb8 10. Nbd2 Na5 11. Bc2 b5 12. b4 Nc6 13. Nf1 Be6 14. a3 Qd7 15.
Be3 Bxe3 16. Nxe3 Ne7 17. d4 exd4 18. Nxd4 Ng6 19. Nxe6 Qxe6 20. Nd5 Rbc8 21.
Qd2 Ne5 22. Nf4 Qd7 23. Bb3 c5 24. Nd5 Nxd5 25. Qxd5 c4 26. Bc2 Qe6 27. Qd2
Qxh3 28. Qxd6 Qxc3 29. Rec1 Ra8 30. Kf1 Rfd8 31. Bd1 Rxd6 32. Rxc3 Rad8 33. Be2
Nd3 34. Rd1 Nf4 35. Rxd6 Rxd6 36. Bf3 Kf8 37. g3 Rd3 38. Rxd3 Nxd3 39. Be2 Ne5
40. f4 Nc6 41. Ke1 f6 42. Kd2 h6 43. Kc3 Ke7 44. Bf3 Kd6 45. Bg4 g5 46. Bc8 Nb8
47. fxg5 hxg5 48. Kd4 Kc7 49. Bf5 Nd7 50. g4 Ne5 0-1

[Event "Tournoi Skype 029B"]
[Site "Skype"]
[Date "????.??.??"]
[Round "4.5"]
[White "Guillaume, Mickael"]
[Black "Vervoort, Jean-Louis"]
[Result "1-0"]
[WhiteElo "1106"]
[BlackElo "1273"]
[PlyCount "51"]

1. e4 e5 2. Nf3 Nc6 3. d4 exd4 4. Nxd4 Ne5 5. Bf4 d6 6. h3 Nf6 7. Nc3 Be7 8.
Bd3 O-O 9. O-O c5 10. Bxe5 dxe5 11. Nf3 Qc7 12. Bc4 Qc6 13. Nxe5 Qb6 14. Bxf7+
Rxf7 15. Nxf7 Kxf7 16. b3 Qe6 17. Re1 Qe5 18. Qf3 Kg8 19. Rad1 b6 20. Nd5 Bb7
21. Nxf6+ Bxf6 22. c4 Bh4 23. Qg4 Bf6 24. f4 Qb2 25. Qd7 Ba6 26. Qd5+ 1-0

[Event "Tournoi Skype 029B"]
[Site "Skype"]
[Date "????.??.??"]
[Round "4.6"]
[White "Abdulrazzaq, Mohsen"]
[Black "Fernandez Arrizabala, Raul"]
[Result "0-1"]
[WhiteElo "1249"]
[BlackElo "1000"]
[PlyCount "50"]

1. e4 e6 2. d4 d5 3. e5 c5 4. c3 Nc6 5. Nf3 Qb6 6. Be2 Bd7 7. O-O cxd4 8. cxd4
Nge7 9. Nc3 Nf5 10. Nb5 a6 11. Nc3 Nfxd4 12. Nxd4 Nxd4 13. Na4 Nxe2+ 14. Qxe2
Bxa4 15. Be3 d4 16. Qc4 Bb5 17. Qxd4 Qxd4 18. Bxd4 Bxf1 19. Kxf1 Rd8 20. Bb6
Rd2 21. a3 Rxb2 22. Ba5 Bc5 23. Rd1 O-O 24. Bb4 Bxb4 25. axb4 Rxb4 0-1

[Event "Tournoi Skype 029B"]
[Site "Skype"]
[Date "????.??.??"]
[Round "4.7"]
[White "Lovisi, Francesco"]
[Black "Sanchez Padilla, Armando Edilber"]
[Result "1-0"]
[WhiteElo "1000"]
[BlackElo "1240"]
[PlyCount "73"]

1. e4 e5 2. Nf3 Nc6 3. Bb5 Nf6 4. O-O Bc5 5. d3 a6 6. Ba4 b5 7. Bb3 d6 8. c3
Na5 9. Bc2 Bb7 10. b4 Bxb4 11. cxb4 Nc6 12. a3 O-O 13. Bg5 Qe7 14. Nc3 Nd8 15.
d4 Ne6 16. Nd5 Bxd5 17. exd5 Nxg5 18. Nxg5 h6 19. dxe5 hxg5 20. exf6 Qxf6 21.
Qh5 g6 22. Qh3 Kg7 23. Be4 Rh8 24. Qf3 Qe5 25. h3 Rh4 26. Rfe1 Rah8 27. Bxg6
Qf4 28. Qxf4 gxf4 29. Be4 R8h5 30. Bf3 Rh6 31. Re7 Rg6 32. Kf1 Rg5 33. Rxc7
Rxd5 34. Bxd5 f3 35. Rxf7+ Kg6 36. Rxf3 Rh5 37. Bf7+ 1-0